000 00865nam a2200169Ia 4500
008 090711s9999 xx 000 0 und d
082 _b3282
100 _aजोशी विनायक उाgऎ. / लेले रामSांद्र के.
245 _aवgत्तपत्रांSाा इतिहास खंड पहिला
260 _bयुगवाणी प्रकाशन
_c1951
300 _a562
600 _aजोशी विनायक उाgऎ. / लेले रामSांद्र के.
630 _aवgत्तपत्रांSाा इतिहास खंड पहिला
700 _aजोशी विनायक उाgऎ. / लेले रामSांद्र के.
730 _aवgत्तपत्रांSाा इतिहास खंड पहिला
942 _cBOOK
999 _c284969
_d284969